| 000 | 01072cam a2200349ui 4500 | ||
|---|---|---|---|
| 999 |
_c200431489 _d49701 |
||
| 001 | 200431489 | ||
| 003 | TR-AnTOB | ||
| 005 | 20220727143549.0 | ||
| 007 | ta | ||
| 008 | 770701s1960 xx a 001 0 eng | ||
| 010 | _a 60004114 | ||
| 035 | _a(OCoLC)3088448 | ||
| 040 |
_aDLC _beng _erda _cOC _dDLC _dTR-AnTOB |
||
| 041 | _aeng | ||
| 042 | _apremarc | ||
| 050 | 0 | 0 |
_aZ7914.M6 _bG7 1960 |
| 090 |
_aZ7914.M6 _bG7 1960 |
||
| 110 | 1 |
_aGreat Britain. _bDepartment of Scientific and Industrial Research _9137834 |
|
| 245 | 1 | 0 |
_aCrushing and grinding : _ba bibliography. |
| 250 | _a[1st American ed.] | ||
| 264 | 1 |
_aNew York : _bChemical Pub. Co., _c1960. |
|
| 300 |
_a425 pages : _billustrations ; _c24 cm |
||
| 336 |
_atext _btxt _2rdacontent |
||
| 337 |
_aunmediated _bn _2rdamedia |
||
| 338 |
_avolume _bnc _2rdacarrier |
||
| 650 | 0 |
_aMills and mill-work _vBibliography _9137833 |
|
| 650 | 0 |
_aMilling machinery _vBibliography _9137638 |
|
| 650 | 0 |
_aOre-dressing _vBibliography _9134940 |
|
| 942 |
_2lcc _cBK |
||